Statistics for Eurovision - The Netherlands recieved 12 points

Click here to take the quiz!

General Stats

  • This quiz has been taken 169 times
  • The average score is 36 of 41

Answer Stats

HintAnswer% Correct
1975 | 2014 SemifinalSweden
98%
1975United Kingdom
98%
1998 | 1999 | 2004 Semifinal | +3 othersBelgium
98%
2014 FinalGermany
95%
1975Spain
94%
1993 | 2004 SemifinalIreland
93%
1975 | 2014 FinalNorway
93%
1980 | 1996Austria
92%
1980 | 1987France
91%
2014 SemifinalDenmark
90%
2014 SemifinalPortugal
90%
1983Switzerland
89%
2014 Final | 2014 SemifinalLatvia
86%
2014 Final | 2014 SemifinalIceland
86%
2014 FinalPoland
86%
2014 Final | 2014 SemifinalEstonia
83%
1988Greece
83%
1980 | 1988Luxembourg
83%
2014 FinalLithuania
78%
1975Malta
77%
1980Turkey
77%
1998 | 2014 Final | 2014 SemifinalHungary
76%
1975 | 1978Israel
76%
2014 SemifinalSan Marino
63%

Score Distribution

Percentile by Number Answered

Percent of People with Each Score

Your Score History

You have not taken this quiz